[Event "Leuven GCT rapid"]
[Site "Leuven"]
[Date "2017.06.30"]
[Round "9"]
[White "Nepomniachtchi, Ian"]
[Black "Carlsen, Magnus"]
[Result "1/2-1/2"]
[WhiteElo "2766"]
[BlackElo "2851"]
[PlyCount "57"]
[EventDate "2017.06.28"]
[EventType "tourn (rapid)"]
[EventRounds "9"]
[EventCountry "BEL"]
[EventCategory "22"]
[SourceTitle "CBM 179"]
[Source "ChessBase"]
[SourceDate "2017.07.12"]
[SourceVersion "1"]
[SourceVersionDate "2017.07.12"]
[SourceQuality "1"]

1. e4 e5 2. Nf3 Nc6 3. d4 exd4 4. Nxd4 Bc5 5. Nxc6 Qf6 6. Qf3 dxc6 7. Nc3 Be6
8. Qg3 O-O-O 9. Be3 Bxe3 10. Qxe3 Kb8 11. f4 Qe7 12. Bd3 Nh6 13. O-O-O f6 14.
g3 Nf7 15. Rhe1 Rhe8 16. a3 h6 17. Be2 Rxd1+ 18. Bxd1 Nd6 19. e5 Nc4 20. exf6
Qxf6 21. Qc5 Rd8 22. Be2 Nd6 23. Bd3 Qf7 24. b3 Bd7 25. Re5 b6 26. Qe3 Qf6 27.
Ne4 Qf8 28. Nxd6 cxd6 29. Re7 1/2-1/2

[Event "Abidjan GCT rapid"]
[Site "Abidjan"]
[Date "2019.05.08"]
[Round "2"]
[White "Nepomniachtchi, Ian"]
[Black "Carlsen, Magnus"]
[Result "0-1"]
[WhiteElo "2773"]
[BlackElo "2861"]
[Annotator "Nielsen,Peter Heine"]
[PlyCount "94"]
[EventDate "2019.05.08"]
[EventType "tourn (rapid)"]
[EventRounds "9"]
[EventCountry "IVO"]
[EventCategory "21"]
[SourceTitle "CBM 190"]
[Source "ChessBase"]
[SourceDate "2019.06.30"]
[SourceVersion "1"]
[SourceVersionDate "2019.06.30"]
[SourceQuality "1"]

1. e4 c5 2. Nf3 Nc6 3. d4 cxd4 4. Nxd4 e5 $5 {After using the Sveshnikov
Variation in the WCh match and frequently in tournaments, afterwards Magnus
now switched to the "Kalashnikov", curiously named after the Russian machine
gun. This game explains why!} 5. Nb5 d6 6. N1c3 a6 7. Na3 Be7 8. g3 Nf6 9. Bg2
b5 $6 {This being a rapid game, criticising the players' opening accuraccy
seems too harsh.} ({But here Carlsen had the excellent} 9... Bg4 $1 {with the
idea of} 10. f3 $6 Be6 11. Nd5 Nxd5 12. exd5 Qa5+ {followed by 13...Qxd5 as
now the bishop on g2 is blocked by its own f3-pawn.}) 10. Nd5 Nxd5 11. exd5 Nb8
12. O-O Nd7 13. c4 O-O {Played in the true Kalashnikov spirit. Black is not
trying to defend his queenside with moves like ...b4, but hopes that the
attack on the kingside will be sufficient.} 14. cxb5 axb5 15. Nc2 {15.Nxb5 was
met by 15...Ba6 but Nepomniachtchi eyes the c6 square instead.} f5 16. Nb4 Bf6
17. Nc6 Qe8 18. a4 Nc5 19. Be3 Nxa4 20. Qc2 Bd7 21. b3 {Commenting on every
move of a rapid game is not fair, the computer will of course suggest a number
of improvements. White's play is logical, trying to force Black's knight to
retreat to c5 when after taking it White keeps a promising position. But from
here Magnus just plays the following complications perfectly:} f4 $1 22. bxa4
fxe3 23. axb5 Rxa1 24. Rxa1 Bg5 $1 {White's passed b-pawn obviously is a huge
asset, so Black has to hurry. This threatens on f2, and if White plays 25 fxe3
then 25...Bxe3+ followed by 26...Rf2 and 27...Bb6 gives Black a dominant
position. Ian replies with the logical and critical} 25. b6 exf2+ 26. Kh1 Bc8
27. Rf1 Qf7 28. Qe2 {At first sight there are reasons for White to be
optimistic. The f2-pawn is securely blockaded, and while White has no imminent
counter threats, he can improve the situation with h4 and Kh2 next,
safeguarding his king. By logic, Black should act immediately, but how?} e4 $1
{The idea is 29 Qxe4 Ba6, attacking the rook on f1, and thus breaking the
bloackade. Nepoom spots an ingenious counter-resource:} 29. h4 $5 {The point
is that after 29...Bh6 30.Bxe4 Bh3 White now has 31.Ne7+!! as the black bishop
no longer defends e7. 31...Qxe7 loses to 32 Bxh7+ and after 31...Kh8 32 Bg2 is
now possible, the point being that 32...Bxg2 33 Kxg2 Qxd5+no longer is
possible as the knight from e7 protects the d5-pawn!} e3 $3 {An amazing
counter! Black just calmly gives up a piece, what matters is to keep his
connected passed pawns and advance them.} (29... Bh6 30. Bxe4 Bh3 31. Ne7+ $3 {
[%csl Ge7,Yh6]} Kh8 (31... Qxe7 32. Bxh7+) 32. Bg2 Bxg2+ 33. Kxg2 {[%csl Ge7]
[%cal Yf7d5]}) 30. hxg5 Re8 $1 {Protects e3 and calmly prepares ...Qg6xg5
followed by a deadly check in the h-file.} 31. Kh2 $1 {With the idea of 31...
Qg6 32 Bh3!, White again forces Black to show his attacking ceativity. And
once again he does not fear further material losses to advance his pawns:} Bg4
$3 32. Qxg4 e2 {Like Labourdonnais! Magnus' idea is not just to win a rook,
but to actually queen the pawns! Black's threat is 33...e1Q, however, with the
detail that 33.Nd8!? is met by 33...exf1N+!  White has no reasonable defence,
so Nepo tries fighthing it with two pieces for the queen, but loses in the
long run of course.} 33. b7 Qxb7 34. Rxf2 e1=Q 35. Qf5 Qe3 36. Rf3 Qe2 37. Nd4
Qe5 38. Qg4 Qbxd5 39. Nf5 Qde6 40. Qh5 Qg6 41. Qg4 h5 42. Qc4+ d5 43. Qb5 Qxg5
44. Qd7 h4 45. Rf1 hxg3+ 46. Kg1 g6 47. Bxd5+ Kh8 {And having run out of
reasonable checks, White resigned.} 0-1

[Event "Carlsen Inv Prelim"]
[Site "chess24.com INT"]
[Date "2020.04.28"]
[Round "6.1"]
[White "Carlsen, Magnus"]
[Black "Nepomniachtchi, Ian"]
[Result "0-1"]
[WhiteElo "2863"]
[BlackElo "2784"]
[PlyCount "56"]
[EventDate "2020.04.18"]
[EventType "tourn (rapid)"]
[EventRounds "7"]
[EventCountry "USA"]
[EventCategory "22"]
[SourceTitle "CBM 196"]
[Source "ChessBase"]
[SourceDate "2020.06.30"]
[SourceVersion "1"]
[SourceVersionDate "2020.06.30"]
[SourceQuality "1"]

1. e4 c5 2. Nf3 d6 3. d4 cxd4 4. Nxd4 Nf6 5. Bc4 Nxe4 6. Qh5 e6 7. Nxe6 Bxe6 8.
Bxe6 Qe7 9. Bxf7+ Qxf7 10. Qe2 Qe7 11. O-O Nf6 12. Be3 Nc6 13. Nc3 d5 14. Qf3
O-O-O 15. Rfe1 Qd7 16. Nb5 a6 17. a4 Qg4 18. Qxg4+ Nxg4 19. Bb6 axb5 20. axb5
Nb8 21. Bxd8 Kxd8 22. h3 Nf6 23. Ra7 Kc7 24. Re6 Bc5 25. b6+ Bxb6 26. Re7+ Kd6
27. Raxb7 Nbd7 28. Rxg7 Kc6 0-1

[Event "Carlsen Inv Prelim"]
[Site "chess24.com INT"]
[Date "2020.04.28"]
[Round "6.2"]
[White "Nepomniachtchi, Ian"]
[Black "Carlsen, Magnus"]
[Result "1/2-1/2"]
[WhiteElo "2784"]
[BlackElo "2863"]
[Annotator "Edouard,Romain"]
[PlyCount "109"]
[EventDate "2020.04.18"]
[EventType "tourn (rapid)"]
[EventRounds "7"]
[EventCountry "USA"]
[EventCategory "22"]
[SourceTitle "CBM 196"]
[Source "ChessBase"]
[SourceDate "2020.06.30"]
[SourceVersion "1"]
[SourceVersionDate "2020.06.30"]
[SourceQuality "1"]

{[%evp 0,109,27,18,26,33,33,35,39,14,14,14,17,23,36,41,40,20,20,39,48,2,0,30,7,
9,5,-16,27,20,42,1,40,34,34,-135,-83,-89,-60,-82,-97,-89,77,90,-3,58,51,49,65,
17,44,58,58,54,85,68,140,93,111,107,49,75,89,55,63,44,91,41,73,39,82,44,44,81,
98,21,23,18,23,-50,-20,-69,0,-174,-205,-215,-205,-217,-218,-218,-230,-232,-208,
-202,-202,-202,-207,-207,-207,-625,12,8,1,0,0,0,0,0,0,0,0,0]} 1. e4 Nc6 {
Magnus came with this "new weapon" to his own Invitational event.} 2. d4 d5 3.
e5 Bf5 4. c3 e6 5. Nf3 Qd7 (5... Nge7 {was tried by GM Maghsoodloo, without
big success:} 6. Nh4 Bg6 7. Nd2 f6 8. exf6 gxf6 9. Nxg6 Nxg6 10. Qb3 a6 11. g3
$14 {1-0 (34) Karjakin,S (2753)-Maghsoodloo,P (2688) St Petersburg 2018}) 6.
Nh4 Be4 $1 $146 {An interesting novelty, avoiding a simply worse position.} (
6... Bg6 7. Nxg6 hxg6 8. Bb5 Nge7 9. Nd2 a6 10. Ba4 Nf5 11. Nf3 $14 {0-1 (43)
Korchnoi,V (2645)-Welling,G Eindhoven 1982}) 7. Nd2 O-O-O 8. Bb5 $5 ({White
should watch out for} 8. Nxe4 $6 dxe4 9. Qe2 $6 Nxd4 $1 10. cxd4 Bb4+ $40) 8...
a6 9. Ba4 f6 (9... Nge7 10. Nxe4 dxe4 11. Qe2 $16) 10. Nhf3 Nge7 $6 (10... Bd3
$5 {could be the way to play for Black!} 11. Nb3 Be4 12. Na5 (12. Nbd2 $11)
12... Nge7 13. O-O b6 $1 (13... Kb8 $2 {is the first engine recommendation,
but it's just bad:} 14. Nd2 Bf5 15. Ndb3 $1 b5 (15... b6 $2 16. Nc5 $1 $18) 16.
Nc5 Qc8 17. Bxb5 $1 axb5 18. Nab7 $1 {[%cal Gb2b4,Ga1a4] followed by b4, a4,
with a crushing attack.}) 14. Nxc6 Nxc6 {and Black will put his king on b7 and
has a relatively solid setup.}) 11. O-O Ng6 12. Re1 Bf5 13. b4 {Now that White
has castled he has a free hand to attack on the queenside.} fxe5 14. dxe5 b5 {
Surely not something Black is happy to do, but he had to prevent White from
pushing b5 himself.} 15. Bc2 d4 16. Bxf5 exf5 17. c4 $1 {Played a tempo by
White - typical Nepo! Obviously, it is a very logical move, just opening up
everything in front of the black king.} Bxb4 (17... bxc4 18. Nxc4 Bxb4 19. Bd2
$40) 18. cxb5 $6 (18. e6 $1 {was better right away, as the d5-square is not
available for the black queen, e.g.} Qd6 19. cxb5 axb5 20. a4 Bc3 21. axb5 $1
Bxa1 22. Qa4 $1 Nb8 23. Ba3 Qd5 24. Rxa1 Qxe6 25. b6 $1 Qc6 26. Rc1 $1 Qxb6 27.
Rb1 Qe6 28. Nxd4 Rxd4 29. Qxd4 $16) 18... axb5 19. Rb1 Rhe8 (19... Qd5 20. a4
Bxd2 21. Bxd2 b4 22. Bxb4 {also looks very unpleasant for Black.}) 20. a4 Qd5
21. axb5 Bxd2 22. Bxd2 Ncxe5 23. Nxe5 Rxe5 24. b6 Rxe1+ 25. Qxe1 Kd7 $1 26.
bxc7 Rc8 {Black has survived the worst part of the game, but his position is
still no fun to play.} 27. Rb4 $6 (27. Qd1 $1 {would be stronger according to
the engine, with ideas like} Rxc7 28. Qa4+ Ke7 29. h4 $1 {- and Black has to
be very careful.}) 27... Rxc7 (27... Nf8 $1 {followed by ...Ne6 would have
been a strong equaliser.}) 28. Qa1 $1 {Thanks to this little move, the
pressure goes on.} Ke8 29. Rxd4 Qe6 30. h4 Rd7 31. Qa4 Ne5 {Still, it is too
little for White to achieve anything.} 32. Bf4 Nc6 33. Rc4 Ne7 34. Rc7 Nd5 35.
Rc6 Qe1+ 36. Kh2 Kf7 $1 (36... Qxf2 $4 37. Re6+ Kd8 38. Qa8#) 37. Qa2 Qe4 38.
g3 h6 39. h5 $6 {White now tries to be worse!} Qf3 40. Kg1 Kg8 41. Rc8+ $2 {
And manages!} (41. Qa8+ Kh7 42. Qe8 Qd1+ 43. Kh2 Nxf4 44. gxf4 Rd8 $11) 41...
Kh7 {Suddenly White's position is turning to a nightmare.} 42. Qa8 Qd1+ 43. Kh2
Qxh5+ 44. Kg1 Qd1+ 45. Kh2 Nxf4 46. Rh8+ Kg6 47. Qe8+ Kg5 48. gxf4+ Kxf4 49.
Rf8 (49. Qe3+ Kg4 50. Qg3+ Kh5 $19) 49... Kg5 $4 {An incredible blunder under
time pressure.} ({Amongst the many winning moves,} 49... Rd3 $1 {was strongest,
with a deadly threat of 50...Rh3+!}) 50. Qe3+ Kg6 51. Qe6+ Kh7 52. Qg8+ Kg6 53.
Qe6+ Kh7 54. Qg8+ Kg6 55. Qe6+ 1/2-1/2

[Event "Carlsen Inv Prelim"]
[Site "chess24.com INT"]
[Date "2020.04.28"]
[Round "6.3"]
[White "Carlsen, Magnus"]
[Black "Nepomniachtchi, Ian"]
[Result "1-0"]
[WhiteElo "2863"]
[BlackElo "2784"]
[PlyCount "111"]
[EventDate "2020.04.18"]
[EventType "tourn (rapid)"]
[EventRounds "7"]
[EventCountry "USA"]
[EventCategory "22"]
[SourceTitle "CBM 196"]
[Source "ChessBase"]
[SourceDate "2020.06.30"]
[SourceVersion "1"]
[SourceVersionDate "2020.06.30"]
[SourceQuality "1"]

1. d4 Nf6 2. Bf4 c5 3. d5 d6 4. Nc3 a6 5. a4 e5 6. Bd2 e4 7. h3 h5 8. Bf4 Bf5
9. e3 Nbd7 10. a5 h4 11. Nge2 Ne5 12. Nc1 Nfd7 13. Nb3 Bg6 14. Nd2 f5 15. f3
exf3 16. gxf3 Bh5 17. Rg1 Nf7 18. Be2 Qf6 19. Nc4 g6 20. Bh2 Nde5 21. Nb6 Rd8
22. f4 Nd7 23. Bxh5 Rxh5 24. Nc4 Bg7 25. Qd3 Kf8 26. O-O-O Re8 27. Rg2 Kg8 28.
e4 fxe4 29. Nxe4 Qe7 30. Re1 Kh8 31. Rxg6 Nf6 32. Qc3 Rh7 33. Qf3 Nxd5 34. f5
Nf6 35. Bxd6 Qd8 36. Kb1 Rxe4 37. Rxe4 Nxd6 38. Nxd6 Qxd6 39. Re6 Qf8 40. Qxb7
Ng8 41. Qe4 Qf7 42. Re8 Rh6 43. Rxh6+ Bxh6 44. Qe6 Kg7 45. Qxf7+ Kxf7 46. Re6
Bd2 47. Rxa6 Ne7 48. c3 c4 49. f6 Ng6 50. Rc6 Ne5 51. Rc7+ Kxf6 52. a6 Be3 53.
a7 Bxa7 54. Rxa7 Kg5 55. Rg7+ Kf4 56. Ka2 1-0

[Event "Carlsen Inv Prelim"]
[Site "chess24.com INT"]
[Date "2020.04.28"]
[Round "6.4"]
[White "Nepomniachtchi, Ian"]
[Black "Carlsen, Magnus"]
[Result "1/2-1/2"]
[WhiteElo "2784"]
[BlackElo "2863"]
[PlyCount "83"]
[EventDate "2020.04.18"]
[EventType "tourn (rapid)"]
[EventRounds "7"]
[EventCountry "USA"]
[EventCategory "22"]
[SourceTitle "CBM 196"]
[Source "ChessBase"]
[SourceDate "2020.06.30"]
[SourceVersion "1"]
[SourceVersionDate "2020.06.30"]
[SourceQuality "1"]

1. e4 c5 2. Nf3 Nc6 3. Nc3 e5 4. Bc4 Be7 5. d3 d6 6. Nd2 Nf6 7. Nf1 Bg4 8. f3
Be6 9. Ne3 O-O 10. O-O Nd7 11. Ncd5 Bg5 12. f4 exf4 13. Nxf4 Bxc4 14. Nxc4 Nde5
15. Ne3 Ne7 16. b3 Qd7 17. Qh5 f6 18. Bb2 N5g6 19. g3 Bxf4 20. gxf4 f5 21. Rae1
Rf7 22. Qg5 d5 23. exd5 Nxd5 24. Nxd5 Qxd5 25. h4 Qd7 26. h5 Nf8 27. h6 Ne6 28.
Qg2 Nd4 29. Re5 Qd6 30. b4 Qxh6 31. bxc5 Nc6 32. Re3 Rd8 33. Rfe1 Rdd7 34. Rg3
Rde7 35. Rxe7 Rxe7 36. Qd5+ Kh8 37. Be5 Qh5 38. Qd6 Qd1+ 39. Kh2 Qh5+ 40. Kg1
Qd1+ 41. Kh2 Qh5+ 42. Kg1 1/2-1/2

[Event "Carlsen Inv Prelim"]
[Site "chess24.com INT"]
[Date "2020.04.28"]
[Round "6.5"]
[White "Carlsen, Magnus"]
[Black "Nepomniachtchi, Ian"]
[Result "1-0"]
[WhiteElo "2863"]
[BlackElo "2784"]
[PlyCount "157"]
[EventDate "2020.04.18"]
[EventType "tourn (rapid)"]
[EventRounds "7"]
[EventCountry "USA"]
[EventCategory "22"]
[SourceTitle "CBM 196"]
[Source "ChessBase"]
[SourceDate "2020.06.30"]
[SourceVersion "1"]
[SourceVersionDate "2020.06.30"]
[SourceQuality "1"]

1. d4 Nf6 2. Nf3 g6 3. Bf4 Bg7 4. Nbd2 O-O 5. c3 d6 6. h3 c5 7. dxc5 dxc5 8. e4
Nc6 9. Be2 b6 10. O-O Bb7 11. Re1 Qd7 12. Qc2 Rad8 13. Rad1 Qc8 14. e5 Nd5 15.
Bg3 Nc7 16. Qa4 Ne6 17. Qh4 Ba6 18. Bxa6 Qxa6 19. Qe4 Qb7 20. Nc4 Rxd1 21. Rxd1
Rd8 22. Rxd8+ Ncxd8 23. Qxb7 Nxb7 24. a4 Kf8 25. Kf1 Ke8 26. Ke2 Kd7 27. Kd3
Nbd8 28. Ng1 Nc6 29. Ke4 h5 30. f4 f5+ 31. exf6 exf6 32. f5 Ng5+ 33. Kd3 gxf5
34. Ne3 Ne7 35. Ne2 Ne6 36. Kc4 Kc6 37. b4 cxb4 38. cxb4 Bh6 39. b5+ Kd7 40.
Nd5 Nxd5 41. Kxd5 f4 42. Bf2 Bf8 43. Nd4 Nc5 44. Nc6 Nxa4 45. Nxa7 Nc3+ 46. Kc4
Nd1 47. Bxb6 Ne3+ 48. Bxe3 fxe3 49. Kd3 Bc5 50. Nc6 Kd6 51. Na5 Ke5 52. Ke2 Kf4
53. Nc4 Kg3 54. Nxe3 h4 55. Kd3 Ba7 56. Ke4 f5+ 57. Nxf5+ Kxg2 58. Nxh4+ Kxh3
59. Nf5 Kg4 60. Ne7 Kg5 61. Ke5 Kh6 62. Ke6 Kg7 63. Nc8 Bf2 64. Nd6 Kf8 65. Kd7
Bg1 66. Ne4 Kf7 67. Kc6 Ke7 68. Nc5 Kd8 69. b6 Bh2 70. b7 Bb8 71. Na6 Bf4 72.
Nc5 Bb8 73. Ne6+ Ke7 74. Nc7 Kd8 75. Nd5 Bg3 76. Nf6 Bh2 77. Ne4 Bb8 78. Nc5
Bh2 79. Ne6+ 1-0

[Event "Legends of Chess Prelim"]
[Site "chess24.com INT"]
[Date "2020.07.28"]
[Round "8.1"]
[White "Nepomniachtchi, Ian"]
[Black "Carlsen, Magnus"]
[Result "1/2-1/2"]
[WhiteElo "2784"]
[BlackElo "2863"]
[PlyCount "108"]
[EventDate "2020.07.21"]
[EventType "tourn (rapid)"]
[EventRounds "9"]
[EventCountry "GER"]
[EventCategory "20"]
[SourceTitle "CBM 197"]
[Source "ChessBase"]
[SourceDate "2020.07.27"]
[SourceVersion "1"]
[SourceVersionDate "2020.07.27"]
[SourceQuality "1"]

1. c4 Nf6 2. g3 c6 3. Bg2 d5 4. Nf3 Bf5 5. Qb3 Qb6 6. d3 e6 7. Be3 Qxb3 8. axb3
a6 9. Bd4 Nbd7 10. Bc3 Bd6 11. Nh4 Bg4 12. h3 Bh5 13. g4 Bg6 14. Nd2 Ke7 15.
O-O Bf4 16. e3 Bd6 17. g5 Ne8 18. Nxg6+ hxg6 19. b4 Rc8 20. f4 f6 21. Nf3 Bb8
22. b3 Nd6 23. Rae1 Nf5 24. Rf2 Ba7 25. c5 Bb8 26. e4 dxe4 27. dxe4 Nh4 28.
gxf6+ gxf6 29. Nd2 g5 30. fxg5 Bg3 31. gxf6+ Kf7 32. Nc4 Rcg8 33. Nd6+ Kf8 34.
Rfe2 Nf3+ 35. Kf1 Nh2+ 36. Kg1 Bxe1 37. Bxe1 Rxh3 38. Nxb7 Ne5 39. Nd8 Rh6 40.
Nxe6+ Kf7 41. Ng7 Nhf3+ 42. Bxf3 Nxf3+ 43. Kf2 Ne5 44. Bc3 Kxf6 45. Nf5 Rh2+
46. Ke3 Rxe2+ 47. Kxe2 Rg2+ 48. Ke3 Ke6 49. Bxe5 Kxe5 50. Nd4 Rg6 51. Nf3+ Ke6
52. Nd4+ Ke5 53. Nf3+ Ke6 54. Nd4+ Ke5 1/2-1/2

[Event "Legends of Chess Prelim"]
[Site "chess24.com INT"]
[Date "2020.07.28"]
[Round "8.3"]
[White "Nepomniachtchi, Ian"]
[Black "Carlsen, Magnus"]
[Result "1/2-1/2"]
[WhiteElo "2784"]
[BlackElo "2863"]
[PlyCount "92"]
[EventDate "2020.07.21"]
[EventType "tourn (rapid)"]
[EventRounds "9"]
[EventCountry "GER"]
[EventCategory "20"]
[SourceTitle "CBM 197"]
[Source "ChessBase"]
[SourceDate "2020.07.27"]
[SourceVersion "1"]
[SourceVersionDate "2020.07.27"]
[SourceQuality "1"]

1. c4 Nf6 2. g3 e6 3. Nf3 d5 4. d4 Bb4+ 5. Bd2 a5 6. Bg2 dxc4 7. O-O O-O 8. Qc2
Bxd2 9. Nbxd2 b5 10. a4 c6 11. e4 Na6 12. b3 Nb4 13. Qc3 cxb3 14. Qxb3 Ba6 15.
Rfc1 bxa4 16. Rxa4 Bb5 17. Ra3 e5 18. dxe5 Nd3 19. Rc3 Nxe5 20. Nxe5 Qxd2 21.
Nf3 Qd7 22. Ne5 Qd4 23. Nxc6 Bxc6 24. Rxc6 Rab8 25. Qc4 Rb1+ 26. Bf1 Qd1 27.
Kg2 Nxe4 28. Qd3 Nd2 29. Rd6 Qxf1+ 30. Qxf1 Nxf1 31. Rxa5 Re1 32. h4 h6 33. Rd7
Rb8 34. Raa7 Nxg3 35. Kxg3 Rb3+ 36. f3 Rg1+ 37. Kf2 Rg6 38. Rxf7 Rb5 39. Rf4
Kh7 40. Rg4 Rxg4 41. fxg4 Rb2+ 42. Kg3 Rb3+ 43. Kf4 Rb4+ 44. Kg3 Rb3+ 45. Kf4
Rb4+ 46. Kg3 Rb3+ 1/2-1/2

[Event "Legends of Chess Prelim"]
[Site "chess24.com INT"]
[Date "2020.07.28"]
[Round "8.4"]
[White "Carlsen, Magnus"]
[Black "Nepomniachtchi, Ian"]
[Result "0-1"]
[WhiteElo "2863"]
[BlackElo "2784"]
[PlyCount "120"]
[EventDate "2020.07.21"]
[EventType "tourn (rapid)"]
[EventRounds "9"]
[EventCountry "GER"]
[EventCategory "20"]
[SourceTitle "CBM 197"]
[Source "ChessBase"]
[SourceDate "2020.07.27"]
[SourceVersion "1"]
[SourceVersionDate "2020.07.27"]
[SourceQuality "1"]

1. d4 d6 2. e4 g6 3. Nf3 Nf6 4. Bd3 Bg7 5. O-O O-O 6. Re1 c5 7. c3 cxd4 8. cxd4
Bg4 9. Nbd2 Nc6 10. h3 Bh5 11. g4 Nxg4 12. hxg4 Bxg4 13. Be2 Rc8 14. a3 Qd7 15.
d5 Bxf3 16. Nxf3 Qg4+ 17. Kh2 Ne5 18. Ng5 Qh4+ 19. Kg2 Bf6 20. Rh1 Rxc1 21.
Rxh4 Rxd1 22. Rxd1 Bxg5 23. Rh3 Rc8 24. Rc3 Rxc3 25. bxc3 Nd7 26. Rb1 Nc5 27.
e5 dxe5 28. a4 Nxa4 29. Rxb7 Nxc3 30. d6 exd6 31. Ba6 e4 32. Rxa7 e3 33. fxe3
Bxe3 34. Rc7 Bd4 35. Bc4 d5 36. Bb3 Kg7 37. Rd7 Kf6 38. Kf3 Be5 39. Bxd5 Nxd5
40. Rxd5 Kf5 41. Rd7 Ke6 42. Ra7 h5 43. Ra6+ Kf5 44. Ra7 f6 45. Rh7 Bc3 46. Rh8
Be1 47. Re8 Bc3 48. Rh8 Kg5 49. Rc8 Be5 50. Rh8 Kh4 51. Kg2 g5 52. Ra8 Kg4 53.
Ra4+ Bf4 54. Ra3 h4 55. Rb3 f5 56. Rb4 h3+ 57. Kf2 Kh5 58. Rb5 Kg6 59. Rb6+ Kf7
60. Kf3 Be5 0-1

[Event "Legends of Chess Prelim"]
[Site "chess24.com INT"]
[Date "2020.07.28"]
[Round "8.5"]
[White "Nepomniachtchi, Ian"]
[Black "Carlsen, Magnus"]
[Result "1/2-1/2"]
[WhiteElo "2784"]
[BlackElo "2863"]
[PlyCount "160"]
[EventDate "2020.07.21"]
[EventType "tourn (rapid)"]
[EventRounds "9"]
[EventCountry "GER"]
[EventCategory "20"]
[SourceTitle "CBM 197"]
[Source "ChessBase"]
[SourceDate "2020.07.27"]
[SourceVersion "1"]
[SourceVersionDate "2020.07.27"]
[SourceQuality "1"]

1. c4 e5 2. g3 d5 3. cxd5 Qxd5 4. Nf3 Nc6 5. Nc3 Qd8 6. Bg2 Nf6 7. b4 a6 8. a3
Bd6 9. Bb2 O-O 10. d3 Re8 11. O-O h6 12. Rc1 Bf5 13. Nd2 Qd7 14. Re1 Rab8 15.
Nde4 Nxe4 16. Nxe4 Bh3 17. Bh1 Nd4 18. Nc5 Bxc5 19. Rxc5 Bg4 20. Rd5 Qe6 21.
Bxd4 exd4 22. Rxd4 Bxe2 23. Qd2 Qb6 24. Rh4 g5 25. Re4 Rxe4 26. dxe4 Bg4 27. e5
Be6 28. h4 gxh4 29. Qxh6 hxg3 30. Re3 gxf2+ 31. Kxf2 Bf5 32. e6 fxe6 33. Qg5+
Kf7 34. Bf3 Qd4 35. Bh5+ Kf8 36. Kf1 Rd8 37. Rg3 Qa1+ 38. Kf2 Qd4+ 39. Kf1 Qa1+
40. Kg2 Qb2+ 41. Kg1 Qa1+ 42. Kh2 Qb2+ 43. Kh1 Qb1+ 44. Rg1 Qe4+ 45. Rg2 Qe1+
46. Kh2 Qe5+ 47. Rg3 Qb2+ 48. Kh1 Qb1+ 49. Rg1 Qe4+ 50. Rg2 Qe1+ 51. Kh2 Qe5+
52. Qg3 Qxg3+ 53. Kxg3 Rd3+ 54. Kf4 Ke7 55. Ke5 Rd5+ 56. Kf4 Kd6 57. Rg8 Rd4+
58. Ke3 Ke5 59. Rb8 Rd3+ 60. Kf2 Rxa3 61. Rxb7 c6 62. Rb6 Be4 63. Be2 Bd5 64.
Rb8 Kd4 65. Rh8 e5 66. Rh4+ e4 67. Rg4 Ra2 68. Ke1 Ke3 69. Rg3+ Kd4 70. Rg4 Ke3
71. Rg3+ Kd4 72. Rh3 Ra1+ 73. Kf2 Ra2 74. Kf1 Ra1+ 75. Kf2 Ra2 76. Ke1 Ra1+ 77.
Bd1 e3 78. Rh4+ Kd3 79. Rh6 Bf3 80. Rd6+ Kc3 1/2-1/2

[Event "Legends of Chess Final"]
[Site "chess24.com INT"]
[Date "2020.08.03"]
[Round "2.11"]
[White "Nepomniachtchi, Ian"]
[Black "Carlsen, Magnus"]
[Result "0-1"]
[WhiteElo "2784"]
[BlackElo "2863"]
[PlyCount "96"]
[EventDate "2020.07.31"]
[EventType "k.o. (rapid)"]
[EventRounds "2"]
[EventCountry "GER"]
[SourceTitle "CBM 197"]
[Source "ChessBase"]
[SourceDate "2020.07.27"]
[SourceVersion "1"]
[SourceVersionDate "2020.07.27"]
[SourceQuality "1"]

1. e4 c5 2. Nf3 d6 3. d4 cxd4 4. Nxd4 Nf6 5. Nc3 a6 6. Rg1 b5 7. g4 Bb7 8. g5
Nfd7 9. a3 g6 10. h4 Bg7 11. h5 Nc6 12. Be3 Nc5 13. f3 O-O 14. hxg6 fxg6 15.
Nxc6 Bxc6 16. Bh3 Bxc3+ 17. bxc3 e5 18. Bg4 Qe7 19. Qd2 Rad8 20. c4 bxc4 21.
O-O-O Ne6 22. Qc3 Bd7 23. Qxc4 Kg7 24. Qb4 Nf4 25. Bxf4 Bxg4 26. Rxg4 Rxf4 27.
Rxf4 Qxg5 28. Rxd6 Qxf4+ 29. Kb1 Rxd6 30. Qxd6 h5 31. c4 Qxf3 32. Qxe5+ Qf6 33.
Qd5 h4 34. c5 Qf1+ 35. Ka2 Qg2+ 36. Kb3 Qg3+ 37. Ka4 h3 38. c6 h2 39. Qd7+ Kh6
40. Qd8 Qe5 41. Qh4+ Kg7 42. Kb3 Qb5+ 43. Kc3 Qxc6+ 44. Kd3 Qd6+ 45. Ke2 Qxa3
46. Kf2 Qb2+ 47. Kg3 Qf6 48. Qh3 Qc3+ 0-1